000
00283nam a22001217a 4500
008
170208b xxu||||| |||| 00| 0 eng d
041
_a
eng
080
_2
ED
_a
61
100
_a
4
101
_a
SHM
245
_a
5MINUTE EMERGENCY MEIDICINE CONCULT
_c
JEFFTRY SCHAIDER
942
_2
udc
_c
BK
999
_c
4949
_d
4949